Normal view
MARC view
- ISLAM-TEACHING-SUFIISM SUFIISM
Entry Topical Term
001 - CONTROL NUMBER
- control field: 77054
003 - CONTROL NUMBER IDENTIFIER
- control field: NUST
005 - DATE AND TIME OF LATEST TRANSACTION
- control field: 20210628205809.0
008 - FIXED-LENGTH DATA ELEMENTS
- fixed length control field: 210628|| aca||aabn | a|a d
040 ## - CATALOGING SOURCE
- Original cataloging agency: NUST
- Transcribing agency: NUST
150 ## - HEADING--TOPICAL TERM
- Topical term or geographic name entry element: ISLAM-TEACHING-SUFIISM SUFIISM
670 ## - SOURCE DATA FOUND
- Source citation: Work cat.: (NUST): Ashraf Ali Thanvi. Moulana Thanvi, Muhammad Ashraf Ali. Moulana 77053, Tarbeat-ul-salik, 1993
